[Event "FIDE Disabilities Olym"]
[Site "Belgrade"]
[Date "2023.01.31"]
[Round "?"]
[White "Bozinovic, Bogdan"]
[Black "Zaynidinov, Sirojiddin"]
[Result "1/2-1/2"]
[WhiteElo "2131"]
[BlackElo "2042"]
[PlyCount "115"]
[EventDate "2023.01.30"]
[EventType "team-swiss"]
[EventRounds "6"]
[EventCountry "SRB"]
[SourceTitle "CBM 212 Extra"]
[Source "ChessBase"]
[SourceDate "2023.03.31"]
[SourceVersion "1"]
[SourceVersionDate "2023.03.31"]
[SourceQuality "1"]
[WhiteTeam "Croatia"]
[BlackTeam "Uzbekistan"]
[WhiteTeamCountry "CRO"]
[BlackTeamCountry "UZB"]

1. d4 Nf6 2. c4 e6 3. Nc3 Bb4 4. f3 d5 5. a3 Bxc3+ 6. bxc3 c5 7. cxd5 exd5 8. e3 0-0 9. Bd3 Nc6 10. Ne2 Re8 11. 0-0 Be6 12. Ng3 Nd7 13. Qc2 g6 14. Qf2 f5 15. Bb2 c4 16. Bc2 b5 17. Bc1 Rf8 18. Bd2 Rb8 19. Qe1 Qe7 20. Qc1 Nf6 21. Re1 Qf7 22. Rb1 a5 23. Rb2 Rb7 24. Qb1 Rfb8 25. e4 fxe4 26. fxe4 Nxe4 27. Bxe4 dxe4 28. Rf1 Bf5 29. Bf4 Re8 30. Rxb5 Nd8 31. Bh6 e3 32. Nxf5 e2 33. Re1 Rxb5 34. Qxb5 gxf5 35. Bf4 Re4 36. Qb8 Qe8 37. Be5 Qd7 38. Kf2 Kf7 39. Qc7 Qxc7 40. Bxc7 Ne6 41. Be5 Nc5 42. dxc5 Rxe5 43. c6 Ke6 44. Rxe2 Rxe2+ 45. Kxe2 Kd6 46. Ke3 Kxc6 47. a4 Kd5 48. Kf4 Ke6 49. g3 Kf6 50. h3 Ke6 51. g4 fxg4 52. hxg4 Kf6 53. g5+ Kg6 54. Kg4 Kf7 55. Kf5 Kg7 56. Kf4 Kg6 57. Kg4 Kg7 58. Kh5 1/2-1/2

[Event "WchT ICSC Silent 19th"]
[Site "Chiavenna"]
[Date "2019.12.15"]
[Round "3.2"]
[White "Nauryzgaliev, Amangeldy"]
[Black "Bozinovic, Bogdan"]
[Result "1/2-1/2"]
[WhiteElo "1905"]
[BlackElo "2183"]
[PlyCount "67"]
[EventDate "2019.12.14"]
[EventType "team-tourn"]
[EventRounds "9"]
[EventCountry "ITA"]
[SourceTitle "CBM 193 Extra"]
[Source "ChessBase"]
[SourceDate "2020.01.31"]
[SourceVersion "1"]
[SourceVersionDate "2020.01.31"]
[SourceQuality "1"]
[WhiteTeam "Kazakhstan"]
[BlackTeam "Croatia"]
[WhiteTeamCountry "KAZ"]
[BlackTeamCountry "CRO"]

1. Nf3 c5 2. c4 Nf6 3. Nc3 e6 4. d4 cxd4 5. Nxd4 Bb4 6. Bd2 Nc6 7. Nc2 Be7 8. e4 d5 9. cxd5 exd5 10. exd5 Nxd5 11. Bc4 Be6 12. Nxd5 Bxd5 13. Bxd5 Qxd5 14. 0-0 0-0 15. Bc3 Qg5 16. Qf3 Rad8 17. Rfe1 Qg6 18. Ne3 Rd3 19. Rad1 Rfd8 20. Rxd3 Rxd3 21. Qg3 Qxg3 22. hxg3 f6 23. Rd1 Rxd1+ 24. Nxd1 Bc5 25. g4 Kf7 26. Kf1 Ke6 27. Ke2 a6 28. b3 Kd5 29. g5 fxg5 30. Bxg7 Bd4 31. Bxd4 Kxd4 32. Kd2 Nb4 33. Nc3 h5 34. Ne2+ 1/2-1/2

[Event "Malinska Krk op"]
[Site "Malinska"]
[Date "2019.11.03"]
[Round "5"]
[White "Kejzar, Petra"]
[Black "Bozinovic, Bogdan"]
[Result "1-0"]
[WhiteElo "2054"]
[BlackElo "2212"]
[PlyCount "85"]
[EventDate "2019.10.30"]
[EventType "swiss"]
[EventRounds "5"]
[EventCountry "CRO"]
[SourceTitle "CBM 192 Extra"]
[Source "Chessbase"]
[SourceDate "2019.11.06"]
[SourceVersion "1"]
[SourceVersionDate "2019.11.06"]
[SourceQuality "1"]

1. d4 c5 2. d5 e6 3. e4 exd5 4. exd5 d6 5. Nc3 Nf6 6. Bb5+ Nbd7 7. a4 Be7 8. Nf3 0-0 9. 0-0 a6 10. Bxd7 Bxd7 11. a5 Bg4 12. Qd3 Re8 13. Nd2 Bd7 14. Nc4 g6 15. Bf4 Bf5 16. Qd2 Qc7 17. Rfe1 Bf8 18. h3 h5 19. Bg5 Nh7 20. Bh4 Bg7 21. Na4 Nf6 22. Nab6 Rxe1+ 23. Rxe1 Re8 24. Rxe8+ Nxe8 25. Qe3 Kf8 26. c3 Bf6 27. Bg3 Qe7 28. Bf4 g5 29. Bh2 Bd7 30. h4 Qxe3 31. fxe3 Ke7 32. hxg5 Bxg5 33. e4 Bg4 34. e5 dxe5 35. Bxe5 f6 36. Bg3 Bd7 37. Bf2 Bb5 38. Bxc5+ Kd8 39. Kf2 Nc7 40. Nd6 Bd3 41. Nxb7+ Ke8 42. d6 Ne6 43. d7+ 1-0

[Event "CRO-chT1B 28th"]
[Site "Mali Losinj"]
[Date "2019.10.04"]
[Round "7.26"]
[White "Bozinovic, Bogdan"]
[Black "Matanovic, Luka"]
[Result "0-1"]
[WhiteElo "2217"]
[BlackElo "2245"]
[PlyCount "76"]
[EventDate "2019.09.28"]
[EventType "team-tourn"]
[EventRounds "9"]
[EventCountry "CRO"]
[SourceTitle "EXT 2020"]
[Source "ChessBase"]
[SourceDate "2019.10.17"]
[SourceVersion "1"]
[SourceVersionDate "2019.10.17"]
[SourceQuality "1"]
[WhiteTeam "Sesvete Agroproteinka"]
[BlackTeam "Slavonski Brod Dakovic"]
[WhiteTeamCountry "CRO"]
[BlackTeamCountry "CRO"]

1. d4 d5 2. c4 c6 3. Nf3 Nf6 4. Nc3 dxc4 5. a4 Na6 6. Ne5 Ng4 7. Nxc4 e5 8. Nxe5 Nxe5 9. dxe5 Qxd1+ 10. Kxd1 Be6 11. f3 0-0-0+ 12. Ke1 Nb4 13. Kf2 Bc5+ 14. Kg3 Nc2 15. Rb1 Bd4 16. e4 Bxc3 17. bxc3 Rd1 18. Kf2 Rhd8 19. g3 Kc7 20. Bg2 R8d2+ 21. Bxd2 Rxd2+ 22. Kg1 Ne3 23. Bf1 Bc4 24. Bh3 g5 25. Re1 Nc2 26. Rc1 h5 27. g4 h4 28. Bg2 Ne3 29. Bh3 a5 30. Re1 Nc2 31. Bf1 Nxe1 32. Bxc4 Nxf3+ 33. Kf1 Nxh2+ 34. Ke1 Nf3+ 35. Kf1 Rc2 36. Bxf7 Nxe5 37. Be6 Kd6 38. Bf5 Rc1+ 0-1

[Event "Split op 9th"]
[Site "Split"]
[Date "2019.08.07"]
[Round "5"]
[White "Drnovsek, Gal"]
[Black "Bozinovic, Bogdan"]
[Result "1-0"]
[WhiteElo "2384"]
[BlackElo "2195"]
[PlyCount "53"]
[EventDate "2019.08.03"]
[EventType "swiss"]
[EventRounds "9"]
[EventCountry "CRO"]
[SourceTitle "CBM 191 Extra"]
[Source "ChessBase"]
[SourceDate "2019.09.30"]
[SourceVersion "1"]
[SourceVersionDate "2019.09.30"]
[SourceQuality "1"]

1. d4 Nf6 2. c4 c5 3. d5 e6 4. Nc3 exd5 5. cxd5 d6 6. e4 g6 7. Nge2 Bg7 8. Ng3 0-0 9. Be2 b6 10. 0-0 Ba6 11. Bf4 Bxe2 12. Qxe2 a6 13. a4 Qe7 14. Bxd6 Qxd6 15. e5 Qd8 16. exf6 Bxf6 17. Rad1 Nd7 18. d6 Re8 19. Qf3 Bd4 20. Nge2 Bg7 21. Nd5 Ne5 22. Ne7+ Kf8 23. Qd5 Qd7 24. f4 Ng4 25. f5 Nf6 26. fxg6 hxg6 27. Nf4 1-0

[Event "Split op 9th"]
[Site "Split"]
[Date "2019.08.06"]
[Round "4"]
[White "Bozinovic, Bogdan"]
[Black "Zelcic, Robert"]
[Result "1/2-1/2"]
[WhiteElo "2195"]
[BlackElo "2514"]
[PlyCount "107"]
[EventDate "2019.08.03"]
[EventType "swiss"]
[EventRounds "9"]
[EventCountry "CRO"]
[SourceTitle "CBM 191 Extra"]
[Source "ChessBase"]
[SourceDate "2019.09.30"]
[SourceVersion "1"]
[SourceVersionDate "2019.09.30"]
[SourceQuality "1"]

1. d4 Nf6 2. c4 e6 3. Nc3 Bb4 4. f3 c5 5. d5 0-0 6. e4 d6 7. Nge2 b5 8. Ng3 Bb7 9. Bd2 bxc4 10. Bxc4 exd5 11. exd5 Re8+ 12. Nge2 Ba6 13. Bxa6 Nxa6 14. 0-0 h6 15. Ng3 Nc7 16. Nf5 Qd7 17. g4 Rad8 18. Qc1 Bxc3 19. bxc3 Nfxd5 20. Bxh6 gxh6 21. Qxh6 f6 22. c4 Qh7 23. cxd5 Qxh6 24. Nxh6+ Kh7 25. Nf5 Nxd5 26. Rfd1 Ne3 27. Rxd6 Nxf5 28. Rxd8 Rxd8 29. gxf5 Kh6 30. Rc1 Rc8 31. h4 c4 32. Kf2 Kh5 33. Ke3 c3 34. Kd3 Kxh4 35. Rxc3 Rxc3+ 36. Kxc3 Kg3 37. Kc4 Kxf3 38. Kb5 Ke4 39. Ka6 Kxf5 40. Kxa7 Ke6 41. Kb7 f5 42. a4 f4 43. a5 f3 44. a6 f2 45. a7 f1Q 46. a8Q Qf3+ 47. Kb8 Qf4+ 48. Ka7 Qa4+ 49. Kb8 Qb4+ 50. Ka7 Qc5+ 51. Ka6 Qa3+ 52. Kb7 Qb4+ 53. Kc8 Qc5+ 54. Kb7 1/2-1/2

[Event "CRO Cup"]
[Site "Mali Losinj"]
[Date "2019.05.17"]
[Round "4.64"]
[White "Bozinovic, Bogdan"]
[Black "Kovacevic, Veljko"]
[Result "1/2-1/2"]
[WhiteElo "2197"]
[BlackElo "2183"]
[PlyCount "41"]
[EventDate "2019.05.15"]
[EventType "team-swiss"]
[EventRounds "6"]
[EventCountry "CRO"]
[SourceTitle "CBM 190 Extra"]
[Source "ChessBase"]
[SourceDate "2019.07.15"]
[SourceVersion "1"]
[SourceVersionDate "2019.07.15"]
[SourceQuality "1"]
[WhiteTeam "Zagreb Sesvete"]
[BlackTeam "Bjelovar"]
[WhiteTeamCountry "CRO"]
[BlackTeamCountry "CRO"]

1. d4 Nf6 2. c4 e6 3. Nc3 d5 4. Bg5 Be7 5. e3 0-0 6. Nf3 c6 7. Qc2 Nbd7 8. 0-0-0 dxc4 9. Bxc4 Nd5 10. h4 h6 11. Bxe7 Qxe7 12. g4 b5 13. Be2 Nxc3 14. Qxc3 b4 15. Qd2 e5 16. g5 h5 17. dxe5 Nxe5 18. Nxe5 Qxe5 19. Qd6 Qa5 20. Bc4 Ba6 21. Bxa6 1/2-1/2

[Event "Podturen Mavrin Memorial 7th"]
[Site "Podturen"]
[Date "2019.01.04"]
[Round "3"]
[White "Jancikic, Franjo"]
[Black "Bozinovic, Bogdan"]
[Result "0-1"]
[WhiteElo "1792"]
[BlackElo "2206"]
[PlyCount "86"]
[EventDate "2019.01.03"]
[EventType "swiss"]
[EventRounds "7"]
[EventCountry "CRO"]
[SourceTitle "CBM 188 Extra"]
[Source "ChessBase"]
[SourceDate "2019.02.26"]
[SourceVersion "1"]
[SourceVersionDate "2019.02.26"]
[SourceQuality "1"]

1. c4 Nf6 2. Nc3 c5 3. Nf3 d5 4. cxd5 Nxd5 5. Nxd5 Qxd5 6. g3 Nc6 7. Bg2 e5 8. 0-0 Be7 9. d3 Bd7 10. Ng5 Qd6 11. Ne4 Qc7 12. b3 0-0 13. Bb2 Be6 14. Qc1 b6 15. Ng5 Bg4 16. Re1 h6 17. Ne4 Qd7 18. Qc4 Be6 19. Qc3 f6 20. Qd2 Rac8 21. Rf1 Rfd8 22. Qc2 Nd4 23. Bxd4 cxd4 24. Qb2 f5 25. Nd2 Bb4 26. Rac1 Bc3 27. Qc2 b5 28. Nf3 Qd6 29. Qb1 Rc7 30. Rc2 Rdc8 31. Nd2 Qa6 32. Qd1 Qd6 33. Nb1 b4 34. Nd2 Bxd2 35. Rxd2 f4 36. e3 fxe3 37. fxe3 dxe3 38. Rb2 Qd4 39. Qe2 Rc1 40. Rb1 R1c2 41. Qe1 Rxg2+ 42. Kxg2 Rc2+ 43. Kg1 Qd5 0-1

[Event "CRO-chT1A 27th"]
[Site "Biograd"]
[Date "2018.09.14"]
[Round "7.56"]
[White "Petrov, Jole"]
[Black "Bozinovic, Bogdan"]
[Result "1-0"]
[WhiteElo "2397"]
[BlackElo "2229"]
[PlyCount "75"]
[EventDate "2018.09.08"]
[EventType "team-tourn"]
[EventRounds "9"]
[EventCountry "CRO"]
[SourceTitle "CBM 186 Extra"]
[Source "ChessBase"]
[SourceDate "2018.08.24"]
[SourceVersion "1"]
[SourceVersionDate "2018.08.24"]
[SourceQuality "1"]
[WhiteTeam "Rijeka Rijeka"]
[BlackTeam "Sesvete Sljeme"]
[WhiteTeamCountry "CRO"]
[BlackTeamCountry "CRO"]

1. Nf3 c5 2. c4 Nf6 3. Nc3 e6 4. g3 b6 5. Bg2 Bb7 6. 0-0 Be7 7. Re1 Ne4 8. Nxe4 Bxe4 9. d3 Bb7 10. e4 0-0 11. d4 cxd4 12. Nxd4 d6 13. Be3 Nd7 14. Qc2 Qc7 15. Rac1 Rac8 16. b3 Qb8 17. a4 Nf6 18. Bd2 d5 19. exd5 Bxd5 20. Bxd5 Nxd5 21. Qe4 Nf6 22. Qf3 Rfd8 23. Bc3 Qc7 24. Nb5 Qb8 25. a5 bxa5 26. Bxa5 Rd7 27. Red1 a6 28. Nd4 Bc5 29. Nc2 h6 30. b4 Be7 31. c5 Nd5 32. Ne3 Qb7 33. Kg2 Bg5 34. Nc4 Bxc1 35. Rxc1 Nxb4 36. Qxb7 Rxb7 37. Nd6 Nd3 38. Rc3 1-0

[Event "Split op 8th"]
[Site "Split"]
[Date "2018.08.18"]
[Round "8"]
[White "Bozinovic, Bogdan"]
[Black "Ostovic, Matija"]
[Result "1-0"]
[WhiteElo "2214"]
[BlackElo "2401"]
[PlyCount "99"]
[EventDate "2018.08.12"]
[EventType "swiss"]
[EventRounds "9"]
[EventCountry "CRO"]
[SourceTitle "CBM 186 Extra"]
[Source "ChessBase"]
[SourceDate "2018.08.24"]
[SourceVersion "1"]
[SourceVersionDate "2018.08.24"]
[SourceQuality "1"]

1. d4 Nf6 2. c4 g6 3. Nc3 d5 4. cxd5 Nxd5 5. e4 Nxc3 6. bxc3 Bg7 7. Bc4 0-0 8. Ne2 c5 9. 0-0 Nc6 10. Be3 Qc7 11. Rc1 b6 12. Qd2 Na5 13. Bd3 e5 14. Bh6 Qd8 15. Bxg7 Kxg7 16. Qe3 cxd4 17. cxd4 exd4 18. Nxd4 Bb7 19. f4 Qd7 20. f5 Rad8 21. f6+ Kh8 22. Nf3 Qe6 23. e5 Qg4 24. Qh6 Rg8 25. h3 Qh5 26. Qe3 Bxf3 27. Rxf3 Rge8 28. g4 Qxe5 29. Qh6 Rg8 30. g5 Qd4+ 31. Kg2 Qd5 32. Re1 Qxa2+ 33. Re2 Qa4 34. Re4 Rd4 35. Rff4 Rxe4 36. Rxe4 Qc6 37. Kf2 Qxe4 38. Bxe4 Nc4 39. Bxg6 Rxg6 40. Qf8+ Rg8 41. Qxf7 Ne5 42. Qxa7 Ng6 43. Qxb6 Rf8 44. Qc7 Rg8 45. Kg3 Nf8 46. Qe5 h6 47. h4 hxg5 48. f7+ Rg7 49. Qe8 gxh4+ 50. Kh2 1-0

[Event "Split op 8th"]
[Site "Split"]
[Date "2018.08.13"]
[Round "3"]
[White "Doric, Darko"]
[Black "Bozinovic, Bogdan"]
[Result "1-0"]
[WhiteElo "2465"]
[BlackElo "2214"]
[PlyCount "71"]
[EventDate "2018.08.12"]
[EventType "swiss"]
[EventRounds "9"]
[EventCountry "CRO"]
[SourceTitle "CBM 186 Extra"]
[Source "ChessBase"]
[SourceDate "2018.08.24"]
[SourceVersion "1"]
[SourceVersionDate "2018.08.24"]
[SourceQuality "1"]

1. d4 Nf6 2. c4 c5 3. d5 e6 4. Nc3 exd5 5. cxd5 d6 6. e4 g6 7. f4 Bg7 8. Bb5+ Nfd7 9. a4 Qh4+ 10. g3 Qe7 11. Nf3 0-0 12. 0-0 Na6 13. Re1 Nb4 14. Bf1 b6 15. h3 Bb7 16. Be3 Nf6 17. Bf2 Qd7 18. Kh2 a6 19. g4 Rad8 20. Qd2 Ne8 21. Bh4 Rc8 22. Bc4 Nc7 23. f5 Ne8 24. Rac1 h6 25. e5 dxe5 26. Nxe5 Qc7 27. f6 Nxf6 28. d6 Rcd8 29. Rcd1 Qb8 30. Nxg6 Rfe8 31. Ne7+ Rxe7 32. Rxe7 Nfd5 33. Rxb7 Be5+ 34. Kg1 Qxb7 35. Bxd5 Qb8 36. Bxd8 1-0